000 00528nam a22001817a 4500
999 _c173247
_d173247
005 20200221122420.0
010 _aA-213096
020 _c12.00
035 _aA-213096
037 _bBPPD/Pub.
082 _a270.33
100 _aاسلم جیرا جپوری
245 _aتاریخ الامت /
_cاسلم جیرا جپوری
246 _aTarikh-ul-Ummat (urdu) /
_bby Aslam Jeera Japoori
260 _aDelhi
_bMaktaba Jamia
_c1983 ء
300 _a120p.
_c20cm(Hb)
942 _2ddc
_cUR
_h270.33
_mم ح م